Statistics for Countries with the death penalty

Click here to take the quiz!

General Stats

  • This quiz has been taken 21 times
  • The average score is 64 of 92

Answer Stats

Hint Answer % Correct
South AmericaBrazil
90%
AsiaIndia
90%
AsiaJapan
90%
AsiaPakistan
90%
AfricaEgypt
90%
North AmericaUnited States of America
90%
AsiaAfghanistan
85%
AsiaChina
85%
South AmericaArgentina
85%
AsiaThailand
85%
AsiaIran
80%
AsiaSaudi Arabia
80%
AsiaNorth Korea
80%
AsiaOman
80%
AsiaVietnam
80%
AfricaSudan
80%
AfricaDemocratic Republic of the Congo
80%
AsiaIraq
80%
AsiaMalaysia
80%
South AmericaChile
80%
AfricaZambia
80%
AfricaSouth Sudan
80%
AsiaIndonesia
80%
AsiaBrunei
80%
AfricaLibya
80%
AfricaKenya
75%
AfricaAlgeria
75%
AsiaSyria
75%
AfricaNiger
75%
AsiaYemen
75%
Asia/ EuropeRussia
75%
AsiaSingapore
75%
AfricaSomalia
75%
AsiaSri Lanka
75%
South AmericaPeru
75%
AfricaZimbabwe
75%
AfricaEthiopia
75%
AfricaGambia
75%
AsiaIsrael
70%
AfricaMorocco
70%
AsiaBahrain
70%
AsiaBangladesh
70%
AsiaUnited Arab Emirates
70%
EuropeBelarus
70%
AsiaTaiwan
70%
AfricaBotswana
70%
AsiaSouth Korea
70%
AfricaChad
70%
AsiaQatar
70%
AfricaEritrea
70%
AsiaMyanmar
70%
North AmericaCuba
70%
AsiaLaos
70%
AfricaGhana
70%
AfricaMauritania
65%
AfricaLesotho
65%
North AmericaBahamas
65%
AfricaUganda
65%
AfricaTunisia
65%
AfricaGuinea
65%
AfricaSwaziland
65%
AfricaCameroon
65%
AfricaMali
65%
AsiaLebanon
65%
AfricaLiberia
65%
North AmericaEl Salvador
65%
AfricaNigeria
65%
North AmericaGuatemala
65%
North AmericaDominica
65%
AfricaMalawi
60%
North AmericaTrinidad and Tobago
60%
AfricaTanzania
60%
North AmericaBelize
60%
North AmericaJamaica
60%
AsiaKuwait
60%
AfricaSierra Leone
60%
AfricaComoros
60%
AfricaCentral African Republic
60%
North AmericaSaint Kitts and Nevis
55%
AfricaEquatorial Guinea
55%
AsiaKazakhstan
55%
AsiaJordan
55%
South AmericaGuyana
55%
OceaniaTonga
50%
North AmericaSaint Vincent and the Grenadines
50%
North AmericaSaint Lucia
50%
North AmericaBarbados
50%
AsiaMaldives
50%
AfricaBurkina Faso
50%
AsiaTajikistan
45%
OceaniaPapua New Guinea
40%
AsiaPalestine
20%

Score Distribution

Percentile by Number Answered

Percent of People with Each Score

Your Score History

You have not taken this quiz